[Event "MCR druzstev mladsich zaku 2016"]
[Site "Hradec Kralove"]
[Date "2016.06.12"]
[Round "5.17"]
[White "Vavrinkova (Loko Brno), Anna"]
[Black "Drastichova (Slavia Orlova), Eliska"]
[Result "1-0"]
[BlackElo "1329"]
[WhiteElo "1423"]
[LiveChessVersion "1.4.8"]

1. e4 {[%clk 0:25:18]} e5 {[%clk 0:25:16]} 2. Nf3 {[%clk 0:25:25]} d6
{[%clk 0:25:22]} 3. c3 {[%clk 0:25:22]} Be7 {[%clk 0:25:18]} 4. d4
{[%clk 0:25:26]} exd4 {[%clk 0:24:48]} 5. cxd4 {[%clk 0:25:14]} Nf6
{[%clk 0:24:39]} 6. Nc3 {[%clk 0:25:04]} O-O {[%clk 0:24:34]} 7. Bc4
{[%clk 0:24:49]} Bg4 {[%clk 0:24:05]} 8. O-O {[%clk 0:24:40]} Nc6
{[%clk 0:23:31]} 9. Be3 {[%clk 0:23:47]} Qd7 {[%clk 0:21:47]} 10. h3
{[%clk 0:23:18]} Bh5 {[%clk 0:21:52]} 11. Bb5 {[%clk 0:22:42]} Qd8
{[%clk 0:21:05]} 12. Be2 {[%clk 0:22:02]} Re8 {[%clk 0:19:40]} 13. d5
{[%clk 0:21:37]} Nb4 {[%clk 0:18:07]} 14. a3 {[%clk 0:21:00]} Na6
{[%clk 0:18:01]} 15. Nd4 {[%clk 0:19:06]} Bxe2 {[%clk 0:16:54]} 16. Qxe2
{[%clk 0:19:01]} Qd7 {[%clk 0:14:46]} 17. Nf5 {[%clk 0:17:34]} Rac8
{[%clk 0:09:58]} 18. Nxe7+ {[%clk 0:17:12]} Rxe7 {[%clk 0:09:58]} 19. f3
{[%clk 0:16:58]} Ra8 {[%clk 0:09:33]} 20. Qf2 {[%clk 0:16:10]} b6
{[%clk 0:08:50]} 21. Bd4 {[%clk 0:15:54]} Ne8 {[%clk 0:07:49]} 22. f4
{[%clk 0:14:44]} Nc5 {[%clk 0:05:22]} 23. Bxc5 {[%clk 0:14:04]} bxc5
{[%clk 0:05:17]} 24. Rae1 {[%clk 0:13:44]} c6 {[%clk 0:04:30]} 25. e5
{[%clk 0:12:26]} dxe5 {[%clk 0:04:13]} 26. dxc6 {[%clk 0:12:14]} Qxc6
{[%clk 0:03:39]} 27. fxe5 {[%clk 0:12:17]} Rd8 {[%clk 0:03:37]} 28. e6
{[%clk 0:10:16]} Nf6 {[%clk 0:03:00]} 29. exf7+ {[%clk 0:09:52]} Rxf7
{[%clk 0:02:41]} 30. Ne4 {[%clk 0:09:14]} c4 {[%clk 0:01:37]} 31. Nxf6+
{[%clk 0:08:06]} Rxf6 {[%clk 0:01:44]} 32. Qxa7 {[%clk 0:07:40]} Rxf1+
{[%clk 0:01:42]} 33. Rxf1 {[%clk 0:07:46]} h6 {[%clk 0:01:12]} 34. Qf7+
{[%clk 0:06:46]} Kh8 {[%clk 0:01:20]} 35. Re1 {[%clk 0:05:58]} Rb8
{[%clk 0:00:52]} 36. Re7 {[%clk 0:04:59]} Qc5+ {[%clk 0:00:36]} 37. Kh1
{[%clk 0:04:51]} Qd4 {[%clk 0:00:39]} 38. Re8+ {[%clk 0:04:01]} Rxe8
{[%clk 0:00:39]} 39. Qxe8+ {[%clk 0:04:10]} Kh7 {[%clk 0:00:46]} 40. Qe2
{[%clk 0:04:09]} c3 {[%clk 0:00:48]} 41. Qc2+ {[%clk 0:06:11]} g6
{[%clk 0:00:57]} 42. Qxc3 {[%clk 0:05:48]} Qd1+ {[%clk 0:01:04]} 43. Kh2
{[%clk 0:05:57]} Qd6+ {[%clk 0:01:12]} 44. Qg3 {[%clk 0:05:48]} Qb6
{[%clk 0:01:14]} 45. Qc3 {[%clk 0:05:41]} Qd6+ {[%clk 0:01:22]} 46. g3
{[%clk 0:05:47]} Qb6 {[%clk 0:01:21]} 47. Qc2 {[%clk 0:05:44]} Qb5
{[%clk 0:01:15]} 48. b3 {[%clk 0:05:32]} Kg7 {[%clk 0:01:16]} 49. Qc3+
{[%clk 0:05:35]} Kf7 {[%clk 0:01:23]} 50. Qc4+ {[%clk 0:05:41]} Qxc4
{[%clk 0:01:28]} 51. bxc4 {[%clk 0:05:56]} Ke7 {[%clk 0:01:36]} 52. Kg2
{[%clk 0:06:00]} Kd6 {[%clk 0:01:45]} 53. a4 {[%clk 0:06:07]} Kc6
{[%clk 0:01:54]} 54. a5 {[%clk 0:06:12]} Kb7 {[%clk 0:02:01]} 55. c5
{[%clk 0:06:19]} Ka6 {[%clk 0:02:06]} 56. c6 {[%clk 0:06:17]} Ka7
{[%clk 0:02:14]} 57. Kf3 {[%clk 0:06:10]} Kb8 {[%clk 0:02:13]} 58. a6
{[%clk 0:06:15]} g5 {[%clk 0:02:00]} 59. Ke4 {[%clk 0:06:21]} h5 {[%clk 0:02:06]}
60. Kd5 {[%clk 0:06:25]} g4 {[%clk 0:02:14]} 61. h4 {[%clk 0:06:30]} Kc8
{[%clk 0:02:17]} 62. a7 {[%clk 0:06:34]} Kd8 {[%clk 0:02:23]} 63. a8=Q+
{[%clk 0:06:42]} Ke7 {[%clk 0:02:31]} 64. Qc8 {[%clk 0:06:44]} Kf6
{[%clk 0:02:38]} 65. Qe6+ {[%clk 0:06:49]} Kg7 {[%clk 0:02:43]} 66. Qf5
{[%clk 0:06:53]} Kh6 {[%clk 0:02:48]} 67. Qg5+ {[%clk 0:06:54]} Kh7
{[%clk 0:02:56]} 68. Ke6 {[%clk 0:06:59]} Kh8 {[%clk 0:03:05]} 69. Kf7
{[%clk 0:07:04]} Kh7 {[%clk 0:03:13]} 70. Qg7# {[%clk 0:07:12]} 1-0

[Event "MCR druzstev mladsich zaku 2016"]
[Site "Hradec Kralove"]
[Date "2016.06.12"]
[Round "5.18"]
[White "Mrozek (Slavia Orlova), Zofia"]
[Black "Hladky (Loko Brno), Tadeas"]
[Result "1-0"]
[BlackElo "1292"]
[WhiteElo "1000"]
[LiveChessVersion "1.4.8"]

1. e4 {[%clk 0:25:17]} e6 {[%clk 0:25:19]} 2. d4 {[%clk 0:25:22]} d5
{[%clk 0:25:27]} 3. Nc3 {[%clk 0:25:25]} dxe4 {[%clk 0:25:34]} 4. Nxe4
{[%clk 0:25:23]} Nc6 {[%clk 0:25:40]} 5. Nf3 {[%clk 0:25:05]} Nf6
{[%clk 0:25:44]} 6. Bg5 {[%clk 0:25:04]} Be7 {[%clk 0:25:52]} 7. Bxf6
{[%clk 0:24:40]} Bxf6 {[%clk 0:26:00]} 8. c3 {[%clk 0:24:36]} O-O
{[%clk 0:25:56]} 9. Bd3 {[%clk 0:23:54]} Re8 {[%clk 0:25:42]} 10. O-O
{[%clk 0:23:51]} g6 {[%clk 0:24:44]} 11. Re1 {[%clk 0:22:43]} Bg7
{[%clk 0:24:28]} 12. Nfg5 {[%clk 0:20:17]} f5 {[%clk 0:23:08]} 13. Nxh7
{[%clk 0:19:05]} fxe4 {[%clk 0:22:42]} 14. Bxe4 {[%clk 0:19:05]} Kxh7
{[%clk 0:22:41]} 15. Qh5+ {[%clk 0:19:04]} Kg8 {[%clk 0:22:15]} 16. Bxg6
{[%clk 0:19:09]} Kf8 {[%clk 0:19:50]} 17. Re3 {[%clk 0:18:30]} Ke7
{[%clk 0:19:46]} 18. Qh7 {[%clk 0:18:02]} Rg8 {[%clk 0:19:30]} 19. Bf5
{[%clk 0:17:40]} Kd6 {[%clk 0:19:00]} 20. Rae1 {[%clk 0:15:57]} exf5
{[%clk 0:18:30]} 21. Qg6+ {[%clk 0:15:36]} Bf6 {[%clk 0:18:11]} 22. Qh6
{[%clk 0:15:10]} Kd7 {[%clk 0:17:43]} 23. Qf4 {[%clk 0:14:10]} Bg5
{[%clk 0:17:17]} 24. Qxf5+ {[%clk 0:14:11]} Kd6 {[%clk 0:17:22]} 25. Qc5+
{[%clk 0:13:58]} Kd7 {[%clk 0:17:15]} 26. Qd5# {[%clk 0:13:46]} 1-0

[Event "MCR druzstev mladsich zaku 2016"]
[Site "Hradec Kralove"]
[Date "2016.06.12"]
[Round "6.1"]
[White "Krejcok (BSS F-M \"A\"), Tobias"]
[Black "Lhotska (OAZA), Anna"]
[Result "1-0"]
[BlackElo "1490"]
[WhiteElo "1794"]
[LiveChessVersion "1.4.8"]

1. e4 {[%clk 0:25:18]} c5 {[%clk 0:25:19]} 2. Nf3 {[%clk 0:25:26]} d6
{[%clk 0:25:27]} 3. d4 {[%clk 0:25:33]} cxd4 {[%clk 0:25:36]} 4. Nxd4
{[%clk 0:25:41]} Nf6 {[%clk 0:25:44]} 5. Nc3 {[%clk 0:25:48]} a6 {[%clk 0:25:52]}
6. Be2 {[%clk 0:25:47]} e5 {[%clk 0:25:57]} 7. Nb3 {[%clk 0:25:55]} Be7
{[%clk 0:26:03]} 8. O-O {[%clk 0:25:42]} Be6 {[%clk 0:26:06]} 9. Be3
{[%clk 0:24:57]} O-O {[%clk 0:26:02]} 10. Qd2 {[%clk 0:23:08]} Nbd7
{[%clk 0:25:20]} 11. f3 {[%clk 0:22:50]} b5 {[%clk 0:24:35]} 12. a3
{[%clk 0:22:09]} Nb6 {[%clk 0:23:42]} 13. Na5 {[%clk 0:21:58]} Qc7
{[%clk 0:22:36]} 14. Rad1 {[%clk 0:21:16]} Rac8 {[%clk 0:21:27]} 15. Kh1
{[%clk 0:20:14]} Rfd8 {[%clk 0:20:24]} 16. f4 {[%clk 0:17:01]} Nc4
{[%clk 0:19:16]} 17. Nxc4 {[%clk 0:16:10]} Bxc4 {[%clk 0:19:19]} 18. g4
{[%clk 0:15:05]} Bxe2 {[%clk 0:18:01]} 19. Qxe2 {[%clk 0:15:11]} h6
{[%clk 0:15:44]} 20. g5 {[%clk 0:14:54]} hxg5 {[%clk 0:15:26]} 21. fxg5
{[%clk 0:15:03]} Nh7 {[%clk 0:15:26]} 22. Nd5 {[%clk 0:14:32]} Qb7
{[%clk 0:14:47]} 23. h4 {[%clk 0:11:43]} Rc4 {[%clk 0:13:34]} 24. Qg2
{[%clk 0:10:29]} Rdc8 {[%clk 0:12:15]} 25. c3 {[%clk 0:10:35]} R4c6
{[%clk 0:11:19]} 26. h5 {[%clk 0:09:42]} Kh8 {[%clk 0:09:56]} 27. Rxf7
{[%clk 0:09:36]} Re8 {[%clk 0:09:49]} 28. Rdf1 {[%clk 0:08:24]} Rcc8
{[%clk 0:08:54]} 29. h6 {[%clk 0:06:16]} gxh6 {[%clk 0:08:42]} 30. gxh6
{[%clk 0:06:16]} Rg8 {[%clk 0:06:37]} 31. Rg7 {[%clk 0:06:09]} Rce8
{[%clk 0:05:26]} 32. Qg6 {[%clk 0:06:08]} Ng5 {[%clk 0:04:50]} 33. Bxg5
{[%clk 0:06:11]} Bxg5 {[%clk 0:04:57]} 34. Qh7# 1-0

[Event "MCR druzstev mladsich zaku 2016"]
[Site "Hradec Kralove"]
[Date "2016.06.12"]
[Round "6.2"]
[White "Korsinskij (OAZA), Marek"]
[Black "Mica (BSS F-M \"A\"), Marek"]
[Result "0-1"]
[BlackElo "1859"]
[WhiteElo "1450"]
[LiveChessVersion "1.4.8"]

1. e4 {[%clk 0:23:41]} c5 {[%clk 0:25:17]} 2. Nf3 {[%clk 0:23:50]} Nc6
{[%clk 0:25:25]} 3. d4 {[%clk 0:23:58]} cxd4 {[%clk 0:25:33]} 4. Nxd4
{[%clk 0:24:06]} g6 {[%clk 0:25:42]} 5. Be3 {[%clk 0:24:04]} Bg7 {[%clk 0:25:46]}
6. f3 {[%clk 0:24:13]} Nf6 {[%clk 0:25:53]} 7. Nc3 O-O {[%clk 0:25:57]} 8. Qd2
{[%clk 0:24:07]} d5 {[%clk 0:26:01]} 9. Nxc6 {[%clk 0:23:59]} bxc6
{[%clk 0:26:09]} 10. O-O-O {[%clk 0:24:07]} e6 {[%clk 0:25:52]} 11. h4
{[%clk 0:23:58]} h5 {[%clk 0:26:00]} 12. Be2 {[%clk 0:23:33]} Bb7
{[%clk 0:25:51]} 13. g4 {[%clk 0:23:37]} hxg4 {[%clk 0:25:37]} 14. fxg4
{[%clk 0:23:42]} Nxe4 {[%clk 0:25:31]} 15. Nxe4 {[%clk 0:23:51]} dxe4
{[%clk 0:25:39]} 16. Qb4 {[%clk 0:23:51]} Qc7 {[%clk 0:25:40]} 17. Qxe4
{[%clk 0:23:46]} c5 {[%clk 0:25:47]} 18. Bf4 {[%clk 0:23:36]} e5 {[%clk 0:25:51]}
19. Qd3 {[%clk 0:22:57]} Bxh1 {[%clk 0:25:57]} 20. Rxh1 {[%clk 0:23:06]} exf4
{[%clk 0:26:05]} 21. h5 {[%clk 0:23:12]} Rfd8 {[%clk 0:25:59]} 22. Qe4
{[%clk 0:23:17]} Qe5 {[%clk 0:25:53]} 23. Qc4 {[%clk 0:22:46]} Qxb2# 0-1

[Event "MCR druzstev mladsich zaku 2016"]
[Site "Hradec Kralove"]
[Date "2016.06.12"]
[Round "6.3"]
[White "Gnojek (BSS F-M \"A\"), Petr"]
[Black "Korsinskij (OAZA), Nikolas"]
[Result "1-0"]
[BlackElo "1440"]
[WhiteElo "1748"]
[LiveChessVersion "1.4.8"]

1. d4 {[%clk 0:25:18]} d5 {[%clk 0:25:20]} 2. Nf3 {[%clk 0:25:27]} Nc6
{[%clk 0:25:28]} 3. c4 {[%clk 0:25:37]} Nf6 {[%clk 0:25:30]} 4. cxd5
{[%clk 0:25:38]} Nxd5 {[%clk 0:25:37]} 5. e4 {[%clk 0:25:47]} Nf6
{[%clk 0:25:31]} 6. Nc3 {[%clk 0:25:55]} Bg4 {[%clk 0:25:31]} 7. Bc4
{[%clk 0:25:30]} e6 {[%clk 0:25:27]} 8. Be3 {[%clk 0:25:02]} Bb4 {[%clk 0:25:16]}
9. Qd3 {[%clk 0:23:38]} Qe7 {[%clk 0:23:56]} 10. Bb5 {[%clk 0:23:20]} O-O
{[%clk 0:22:59]} 11. Bxc6 {[%clk 0:23:07]} bxc6 {[%clk 0:23:07]} 12. Ne5
{[%clk 0:23:15]} Bh5 {[%clk 0:22:18]} 13. Nxc6 {[%clk 0:22:24]} Bxc3+
{[%clk 0:22:14]} 14. bxc3 {[%clk 0:22:26]} Qd6 {[%clk 0:20:33]} 15. Nb4
{[%clk 0:22:33]} Bg6 {[%clk 0:19:47]} 16. f3 {[%clk 0:22:24]} e5 {[%clk 0:18:42]}
17. dxe5 {[%clk 0:21:07]} Qxe5 {[%clk 0:18:41]} 18. O-O {[%clk 0:21:08]} Rfd8
{[%clk 0:16:03]} 19. Qc4 {[%clk 0:21:15]} Qh5 {[%clk 0:12:55]} 20. Rfd1
{[%clk 0:20:18]} Rxd1+ {[%clk 0:11:01]} 21. Rxd1 {[%clk 0:20:26]} c5
{[%clk 0:10:29]} 22. Nd5 {[%clk 0:19:28]} Nxe4 {[%clk 0:10:03]} 23. Ne7+
{[%clk 0:19:35]} Kh8 {[%clk 0:09:52]} 24. Nxg6+ {[%clk 0:19:41]} Qxg6
{[%clk 0:09:39]} 25. Qxe4 {[%clk 0:19:44]} f5 {[%clk 0:09:33]} 26. Qxa8+
{[%clk 0:19:50]} Qe8 {[%clk 0:09:39]} 27. Qxe8# 1-0

[Event "MCR druzstev mladsich zaku 2016"]
[Site "Hradec Kralove"]
[Date "2016.06.12"]
[Round "6.4"]
[White "Svacina (OAZA), Tobias"]
[Black "Vantuch (BSS F-M \"A\"), Lucian"]
[Result "0-1"]
[BlackElo "1736"]
[WhiteElo "1490"]
[LiveChessVersion "1.4.8"]

1. e4 {[%clk 0:25:19]} c5 {[%clk 0:25:19]} 2. c4 {[%clk 0:25:28]} Nc6
{[%clk 0:25:27]} 3. Nf3 {[%clk 0:25:37]} g6 {[%clk 0:25:36]} 4. Nc3
{[%clk 0:25:44]} Bg7 {[%clk 0:25:45]} 5. g3 {[%clk 0:25:51]} d6 {[%clk 0:25:28]}
6. d3 {[%clk 0:25:59]} Nf6 {[%clk 0:25:25]} 7. Bg2 {[%clk 0:26:05]} O-O
{[%clk 0:25:11]} 8. O-O {[%clk 0:26:12]} Bd7 {[%clk 0:25:02]} 9. a3
{[%clk 0:25:57]} Rb8 {[%clk 0:24:25]} 10. Nd5 {[%clk 0:25:55]} Nxd5
{[%clk 0:23:52]} 11. exd5 {[%clk 0:26:02]} Nd4 {[%clk 0:23:46]} 12. Nxd4
{[%clk 0:26:17]} Bxd4 {[%clk 0:22:42]} 13. Rb1 {[%clk 0:26:13]} b5
{[%clk 0:22:48]} 14. Be3 {[%clk 0:26:13]} Bxe3 {[%clk 0:22:24]} 15. fxe3
{[%clk 0:26:18]} bxc4 {[%clk 0:21:57]} 16. dxc4 {[%clk 0:26:26]} Qb6
{[%clk 0:22:03]} 17. Rf2 {[%clk 0:25:42]} Qb3 {[%clk 0:22:08]} 18. Qxb3
{[%clk 0:25:33]} Rxb3 {[%clk 0:22:17]} 19. e4 {[%clk 0:25:37]} Rfb8
{[%clk 0:22:16]} 20. Kf1 {[%clk 0:24:55]} Rxa3 {[%clk 0:22:20]} 21. bxa3
{[%clk 0:24:51]} Rxb1+ {[%clk 0:22:29]} 22. Ke2 {[%clk 0:24:56]} Bg4+
{[%clk 0:21:43]} 23. Bf3 {[%clk 0:24:46]} Rb2+ {[%clk 0:21:19]} 24. Ke3
{[%clk 0:24:45]} Rxf2 {[%clk 0:21:17]} 25. Kxf2 {[%clk 0:24:54]} Bxf3
{[%clk 0:21:26]} 26. Kxf3 {[%clk 0:25:01]} Kg7 {[%clk 0:21:33]} 27. Ke3
{[%clk 0:25:09]} Kf6 {[%clk 0:21:24]} 28. Kf4 {[%clk 0:25:15]} h5
{[%clk 0:20:24]} 29. h4 {[%clk 0:25:20]} e6 {[%clk 0:20:28]} 30. dxe6
{[%clk 0:23:51]} Kxe6 {[%clk 0:20:13]} 31. Ke3 {[%clk 0:23:57]} Ke5
{[%clk 0:20:10]} 32. Kd3 {[%clk 0:24:03]} f5 {[%clk 0:18:48]} 33. exf5
{[%clk 0:23:27]} Kxf5 {[%clk 0:17:49]} 34. Ke3 {[%clk 0:23:36]} Kg4
{[%clk 0:17:58]} 35. Kf2 {[%clk 0:23:45]} g5 {[%clk 0:16:53]} 36. hxg5
{[%clk 0:23:54]} Kxg5 {[%clk 0:17:02]} 37. Kf3 Kf5 38. Ke3 {[%clk 0:24:04]} Ke5
{[%clk 0:17:20]} 39. Kd3 {[%clk 0:24:11]} d5 {[%clk 0:17:28]} 40. cxd5
{[%clk 0:24:17]} Kxd5 {[%clk 0:17:37]} 41. Kc3 {[%clk 0:24:26]} Ke4
{[%clk 0:16:03]} 42. Kc4 {[%clk 0:24:35]} Kf3 {[%clk 0:16:13]} 43. Kxc5
{[%clk 0:24:42]} Kxg3 {[%clk 0:16:22]} 44. Kc6 {[%clk 0:24:51]} h4
{[%clk 0:16:30]} 45. Kb7 {[%clk 0:25:00]} h3 {[%clk 0:16:39]} 46. a4
{[%clk 0:25:08]} h2 {[%clk 0:16:48]} 47. a5 {[%clk 0:25:14]} h1=Q+
{[%clk 0:16:41]} 48. Kxa7 {[%clk 0:25:20]} Qc6 {[%clk 0:16:46]} 49. a6
{[%clk 0:25:25]} Qc7+ {[%clk 0:16:55]} 50. Ka8 {[%clk 0:25:32]} Kf4
{[%clk 0:17:04]} 0-1

[Event "MCR druzstev mladsich zaku 2016"]
[Site "Hradec Kralove"]
[Date "2016.06.12"]
[Round "6.5"]
[White "Fizerova (BSS F-M \"A\"), Lucie"]
[Black "Palla (OAZA), Marek"]
[Result "1-0"]
[BlackElo "1310"]
[WhiteElo "1496"]
[LiveChessVersion "1.4.8"]

1. e4 {[%clk 0:25:19]} e6 {[%clk 0:25:11]} 2. d4 {[%clk 0:25:26]} d5
{[%clk 0:25:20]} 3. Nd2 {[%clk 0:25:31]} c5 {[%clk 0:25:23]} 4. Ngf3
{[%clk 0:25:35]} dxe4 {[%clk 0:25:22]} 5. Nxe4 {[%clk 0:25:42]} Qd5
{[%clk 0:24:51]} 6. Nc3 {[%clk 0:25:39]} Qd6 {[%clk 0:23:54]} 7. Bb5+
{[%clk 0:25:39]} Nd7 {[%clk 0:23:28]} 8. O-O {[%clk 0:25:29]} b6 {[%clk 0:22:56]}
9. d5 {[%clk 0:25:20]} Bb7 {[%clk 0:22:41]} 10. dxe6 {[%clk 0:25:01]} fxe6
{[%clk 0:22:12]} 11. Qxd6 {[%clk 0:25:04]} Bxd6 {[%clk 0:22:14]} 12. Rd1
{[%clk 0:25:12]} Ngf6 {[%clk 0:22:19]} 13. Rxd6 {[%clk 0:25:17]} Bc8
{[%clk 0:20:29]} 14. Rxe6+ {[%clk 0:25:19]} Kf7 {[%clk 0:20:38]} 15. Bc4
{[%clk 0:25:12]} Nb8 {[%clk 0:20:07]} 16. Rxf6+ {[%clk 0:24:37]} Kxf6
{[%clk 0:20:09]} 17. Bd5 {[%clk 0:24:45]} Rd8 {[%clk 0:19:43]} 18. Bg5+
{[%clk 0:24:48]} 1-0

[Event "MCR druzstev mladsich zaku 2016"]
[Site "Hradec Kralove"]
[Date "2016.06.12"]
[Round "6.6"]
[White "Rezek (OAZA), Filip"]
[Black "Fizer (BSS F-M \"A\"), Marek"]
[Result "0-1"]
[BlackElo "1522"]
[WhiteElo "1289"]
[LiveChessVersion "1.4.8"]

1. d4 {[%clk 0:23:28]} f5 2. Nc3 {[%clk 0:23:31]} Nf6 {[%clk 0:25:21]} 3. Bf4
{[%clk 0:23:38]} g6 {[%clk 0:25:21]} 4. Nf3 {[%clk 0:23:42]} Bg7 {[%clk 0:25:15]}
5. e3 {[%clk 0:23:43]} O-O {[%clk 0:25:12]} 6. Bd3 {[%clk 0:23:51]} d6
{[%clk 0:24:57]} 7. O-O {[%clk 0:23:54]} Nbd7 {[%clk 0:24:42]} 8. Bg3
{[%clk 0:23:35]} Nh5 {[%clk 0:24:25]} 9. e4 {[%clk 0:23:37]} Nxg3
{[%clk 0:24:27]} 10. fxg3 {[%clk 0:23:45]} e5 {[%clk 0:23:36]} 11. d5
{[%clk 0:23:38]} Nc5 {[%clk 0:21:55]} 12. Qd2 {[%clk 0:23:03]} Nxd3
{[%clk 0:21:34]} 13. cxd3 {[%clk 0:23:06]} c6 {[%clk 0:18:43]} 14. Rf2
{[%clk 0:22:45]} cxd5 {[%clk 0:16:54]} 15. Nxd5 {[%clk 0:22:43]} Be6
{[%clk 0:16:39]} 16. Nc3 {[%clk 0:21:57]} Qb6 {[%clk 0:15:55]} 17. Raf1
{[%clk 0:21:41]} f4 {[%clk 0:15:40]} 18. Ng5 {[%clk 0:21:30]} Bg4
{[%clk 0:14:41]} 19. gxf4 {[%clk 0:21:29]} Rxf4 {[%clk 0:14:43]} 20. g3
{[%clk 0:21:12]} Rxf2 {[%clk 0:16:16]} 21. Qxf2 {[%clk 0:21:19]} Qxf2+
{[%clk 0:15:51]} 22. Rxf2 {[%clk 0:21:27]} Rf8 {[%clk 0:15:53]} 23. Nb5
{[%clk 0:20:43]} Bh6 {[%clk 0:15:40]} 24. Rxf8+ {[%clk 0:20:24]} Kxf8
{[%clk 0:15:45]} 25. Ne6+ {[%clk 0:20:20]} Bxe6 {[%clk 0:15:53]} 26. Nxd6
{[%clk 0:20:19]} b6 {[%clk 0:15:55]} 27. b3 {[%clk 0:20:20]} Ke7 {[%clk 0:16:01]}
28. Nb5 {[%clk 0:20:22]} a6 {[%clk 0:16:01]} 29. Nc7 {[%clk 0:20:22]} a5
{[%clk 0:16:08]} 30. Kf2 {[%clk 0:20:26]} Kd6 {[%clk 0:16:12]} 31. Nb5+
{[%clk 0:20:31]} Kc5 {[%clk 0:16:18]} 32. Nc3 {[%clk 0:20:38]} Kd4
{[%clk 0:16:24]} 33. Na4 {[%clk 0:20:38]} b5 {[%clk 0:16:23]} 34. Nb2
{[%clk 0:20:47]} Kc3 {[%clk 0:16:31]} 35. Nd1+ {[%clk 0:20:42]} Kxd3
{[%clk 0:16:32]} 36. Kf3 {[%clk 0:20:51]} Kc2 {[%clk 0:16:33]} 37. Nf2
{[%clk 0:20:58]} Kb2 {[%clk 0:16:34]} 38. g4 {[%clk 0:20:55]} Kxa2
{[%clk 0:16:41]} 39. h4 {[%clk 0:21:03]} Kxb3 {[%clk 0:16:47]} 40. g5
{[%clk 0:21:12]} Bf8 {[%clk 0:16:51]} 41. Nd3 {[%clk 0:21:19]} a4
{[%clk 0:16:56]} 42. Nxe5 {[%clk 0:21:25]} a3 {[%clk 0:17:01]} 43. Nd3
{[%clk 0:21:34]} Bc4 {[%clk 0:16:55]} 0-1

[Event "MCR druzstev mladsich zaku 2016"]
[Site "Hradec Kralove"]
[Date "2016.06.12"]
[Round "6.7"]
[White "Petricek (SK Kurim A), Lukas"]
[Black "Kures (Loko Brno), Michael"]
[Result "1-0"]
[BlackElo "1633"]
[WhiteElo "1515"]
[LiveChessVersion "1.4.8"]

1. e4 {[%clk 0:25:18]} c5 {[%clk 0:25:19]} 2. c3 {[%clk 0:25:27]} Nc6
{[%clk 0:25:23]} 3. d4 {[%clk 0:25:35]} cxd4 {[%clk 0:25:31]} 4. cxd4
{[%clk 0:25:44]} d5 {[%clk 0:25:40]} 5. exd5 {[%clk 0:25:40]} Qxd5
{[%clk 0:25:49]} 6. Nf3 {[%clk 0:25:48]} Nf6 {[%clk 0:25:55]} 7. Nc3
{[%clk 0:25:54]} Qd8 {[%clk 0:26:03]} 8. Be2 {[%clk 0:25:32]} e6 {[%clk 0:26:10]}
9. Bf4 {[%clk 0:25:11]} Bd6 {[%clk 0:26:01]} 10. Bg5 {[%clk 0:24:15]} O-O
{[%clk 0:25:55]} 11. O-O {[%clk 0:24:11]} Bd7 {[%clk 0:25:14]} 12. Re1
{[%clk 0:23:47]} a6 {[%clk 0:25:18]} 13. d5 {[%clk 0:23:36]} Na7 {[%clk 0:23:25]}
14. dxe6 {[%clk 0:23:36]} Bxe6 {[%clk 0:23:15]} 15. Bxf6 {[%clk 0:23:39]} gxf6
{[%clk 0:23:14]} 16. Qd4 {[%clk 0:21:40]} Nc6 {[%clk 0:22:54]} 17. Qd2
{[%clk 0:21:00]} Qc7 {[%clk 0:22:23]} 18. Rad1 {[%clk 0:20:25]} Rad8
{[%clk 0:22:25]} 19. Qh6 {[%clk 0:19:14]} f5 {[%clk 0:20:18]} 20. Ng5
{[%clk 0:19:08]} Rfe8 {[%clk 0:18:10]} 21. Qxh7+ {[%clk 0:18:13]} Kf8
{[%clk 0:17:54]} 22. Qh6+ {[%clk 0:17:30]} Kg8 {[%clk 0:15:56]} 23. Rd3
{[%clk 0:14:18]} Ne5 {[%clk 0:14:47]} 24. Rh3 {[%clk 0:14:17]} Ng6
{[%clk 0:14:08]} 25. Bh5 {[%clk 0:13:20]} Bc4 {[%clk 0:10:32]} 26. Ra1
{[%clk 0:11:06]} Qe7 {[%clk 0:09:21]} 27. Re3 {[%clk 0:10:54]} Qf6
{[%clk 0:09:05]} 28. Qh7+ {[%clk 0:09:48]} Kf8 {[%clk 0:09:03]} 29. Bxg6
{[%clk 0:09:24]} fxg6 {[%clk 0:07:25]} 30. Qh6+ {[%clk 0:07:08]} Qg7
{[%clk 0:07:00]} 31. Qh4 {[%clk 0:05:34]} Bf7 {[%clk 0:06:10]} 32. Nh7+
{[%clk 0:05:17]} Kg8 {[%clk 0:06:03]} 33. Nf6+ {[%clk 0:05:22]} Kf8
{[%clk 0:06:11]} 34. Nxe8 {[%clk 0:05:16]} Rxe8 {[%clk 0:06:19]} 35. Rxe8+
{[%clk 0:05:12]} Bxe8 {[%clk 0:06:21]} 36. Re1 {[%clk 0:05:11]} Bc6
{[%clk 0:06:17]} 37. Qd8+ {[%clk 0:05:16]} 1-0

[Event "MCR druzstev mladsich zaku 2016"]
[Site "Hradec Kralove"]
[Date "2016.06.12"]
[Round "6.8"]
[White "Hvozdovic (Loko Brno), Jan"]
[Black "Dvorakova (SK Kurim A), Olga"]
[Result "1-0"]
[BlackElo "1405"]
[WhiteElo "1600"]
[LiveChessVersion "1.4.8"]

1. e4 {[%clk 0:25:17]} c5 {[%clk 0:25:18]} 2. Nf3 {[%clk 0:25:25]} Nc6
{[%clk 0:25:26]} 3. Bb5 {[%clk 0:25:33]} d6 {[%clk 0:25:29]} 4. O-O
{[%clk 0:25:38]} Bd7 {[%clk 0:25:35]} 5. Re1 {[%clk 0:25:44]} a6 {[%clk 0:25:42]}
6. Bf1 {[%clk 0:25:51]} Bg4 {[%clk 0:25:29]} 7. c3 {[%clk 0:25:29]} Nf6
{[%clk 0:25:16]} 8. d3 {[%clk 0:25:08]} e6 {[%clk 0:24:54]} 9. Bg5
{[%clk 0:24:53]} Be7 {[%clk 0:24:59]} 10. Nbd2 {[%clk 0:24:44]} O-O
{[%clk 0:25:00]} 11. Qc2 {[%clk 0:24:22]} Qc7 {[%clk 0:21:59]} 12. Rac1
{[%clk 0:23:58]} Rac8 {[%clk 0:20:57]} 13. Qb1 {[%clk 0:23:41]} Qb8
{[%clk 0:19:55]} 14. h3 {[%clk 0:22:49]} Bh5 {[%clk 0:19:53]} 15. Be2
{[%clk 0:21:43]} Rfe8 {[%clk 0:18:28]} 16. Nb3 {[%clk 0:20:27]} Bg6
{[%clk 0:17:22]} 17. Bf1 {[%clk 0:17:55]} Bh5 {[%clk 0:13:39]} 18. Nfd2
{[%clk 0:17:04]} b5 {[%clk 0:12:59]} 19. f3 {[%clk 0:15:58]} a5 {[%clk 0:11:16]}
20. c4 {[%clk 0:14:39]} a4 {[%clk 0:10:39]} 21. Na1 {[%clk 0:14:33]} b4
{[%clk 0:09:37]} 22. b3 {[%clk 0:14:02]} a3 {[%clk 0:06:34]} 23. Nc2 Nd7
{[%clk 0:06:12]} 24. Bxe7 {[%clk 0:13:30]} Rxe7 {[%clk 0:06:04]} 25. f4
{[%clk 0:10:27]} f6 {[%clk 0:05:22]} 26. Be2 {[%clk 0:09:46]} Bf7
{[%clk 0:04:45]} 27. Nf3 {[%clk 0:09:02]} e5 {[%clk 0:04:00]} 28. f5
{[%clk 0:08:51]} Kh8 {[%clk 0:02:49]} 29. Kh2 {[%clk 0:08:23]} Nd8
{[%clk 0:01:06]} 30. g4 {[%clk 0:07:40]} Be8 {[%clk 0:00:40]} 31. Ne3
{[%clk 0:07:32]} Nb6 {[%clk 0:00:24]} 32. Rg1 {[%clk 0:07:27]} h6
{[%clk 0:00:17]} 33. h4 {[%clk 0:07:30]} Kh7 {[%clk 0:00:15]} 34. Rg3
{[%clk 0:07:24]} Kg8 {[%clk 0:00:14]} 35. g5 {[%clk 0:07:22]} hxg5
{[%clk 0:00:11]} 36. hxg5 {[%clk 0:07:29]} Kf7 {[%clk 0:00:14]} 37. Rcg1
{[%clk 0:07:17]} Ra7 {[%clk 0:00:13]} 38. Rh3 {[%clk 0:06:26]} Bc6
{[%clk 0:00:13]} 39. gxf6 {[%clk 0:06:18]} Kxf6 {[%clk 0:00:13]} 40. Rg6+
{[%clk 0:06:11]} Kf7 {[%clk 0:00:14]} 41. Ng5+ {[%clk 0:06:12]} Ke8
{[%clk 0:00:17]} 42. Rh8+ {[%clk 0:06:06]} Ke7 {[%clk 0:00:11]} 43. Rxg7+
{[%clk 0:05:55]} Kf6 {[%clk 0:00:20]} 44. Rg6+ {[%clk 0:05:59]} Ke7
{[%clk 0:00:15]} 45. Rh7+ {[%clk 0:05:48]} Kf8 {[%clk 0:00:17]} 46. Kg3
{[%clk 0:04:21]} Rxh7 {[%clk 0:00:21]} 47. Nxh7+ {[%clk 0:04:29]} Ke8
{[%clk 0:00:19]} 48. Bh5 {[%clk 0:04:20]} Nf7 {[%clk 0:00:15]} 49. Re6+
{[%clk 0:04:18]} Kd7 {[%clk 0:00:13]} 50. Bxf7 {[%clk 0:04:01]} Rh8
{[%clk 0:00:15]} 51. Bg6 {[%clk 0:03:28]} Qg8 {[%clk 0:00:16]} 52. Nf6+
{[%clk 0:03:36]} 1-0